[Event "20. Abierto de la Constitucion 2018"]
[Site "S. S. de los Reyes ESP"]
[Date "2018.12.03"]
[Round "3.11"]
[White "Vukotic Jovsic, Dragan"]
[Black "Palomares Cortez, Facundo Sebast"]
[Result "1-0"]
[WhiteElo "1935"]
[BlackElo "1684"]
[PlyCount "77"]
[EventDate "2018.12.01"]
[EventType "swiss"]
[EventRounds "9"]
[EventCountry "ESP"]
[SourceTitle "Ajedrez en Madrid"]
[Source "lmi"]
[SourceDate "2018.12.01"]

1. d4 Nf6 2. Bf4 e6 3. Nf3 c5 4. e3 d5 5. c3 a6 6. Bd3 Nc6 7. Nbd2 Bd6 8. Ne5
Qc7 9. Ndf3 h6 10. g4 g5 11. Bg3 Ne4 12. Bxe4 dxe4 13. Nd2 Nxe5 14. dxe5 Bxe5
15. Nxe4 Ke7 16. Qf3 Bd7 17. Qf6+ Bxf6 18. Bxc7 Bc6 19. Bd6+ Kd7 20. Nxf6+ Kxd6
21. O-O Ke5 22. Nh5 Bf3 23. h3 Rad8 24. Kh2 f5 25. Kg3 fxg4 26. hxg4 Rhf8 27.
Rfb1 b6 28. a4 Rd7 29. Ra3 Ke4 30. Rb3 Rb7 31. c4 a5 32. Rc1 e5 33. Re1 Rff7
34. Kh3 Be2 35. Rxe2 Kf3 36. Ng3 e4 37. Rc2 Rbd7 38. Nf1 Rd1 39. Nh2# 1-0

[Event "20. Abierto de la Constitucion 2018"]
[Site "S. S. de los Reyes ESP"]
[Date "2018.12.03"]
[Round "3.12"]
[White "Pastor Alonso De Prado, Alberto"]
[Black "Alfaya Martinez, Enrique"]
[Result "1-0"]
[WhiteElo "2102"]
[BlackElo "1594"]
[PlyCount "105"]
[EventDate "2018.12.01"]
[EventType "swiss"]
[EventRounds "9"]
[EventCountry "ESP"]
[SourceTitle "Ajedrez en Madrid"]
[Source "lmi"]
[SourceDate "2018.12.01"]

1. e4 c5 2. c3 d5 3. exd5 Qxd5 4. d4 Nf6 5. Nf3 Bg4 6. Nbd2 e6 7. Qa4+ Nc6 8.
Ne5 cxd4 9. Nxc6 bxc6 10. cxd4 Be7 11. f3 Bh5 12. Nb3 O-O 13. Bc4 Qd7 14. O-O
Rfd8 15. Bd2 Nd5 16. Rfd1 Bf6 17. Ba6 Nb6 18. Qb4 Bxd4+ 19. Qxd4 Qxd4+ 20. Nxd4
Rxd4 21. Be3 Rxd1+ 22. Rxd1 Nd5 23. Bc5 Bg6 24. Rc1 Nc7 25. Bb7 Rb8 26. Bxc6
Rxb2 27. Bd6 Rxa2 28. Bxc7 a5 29. Rc5 a4 30. Ra5 h6 31. Bxa4 Bd3 32. h4 Bc4 33.
Ra8+ Kh7 34. Bc6 Rxa8 35. Bxa8 f6 36. Bc6 e5 37. Be8 Bd3 38. h5 Bc2 39. Kf2 Bb1
40. Ke3 Bc2 41. Bc6 Kh8 42. Be4 Bb3 43. Kd3 Bf7 44. g4 Bb3 45. Kc3 Ba2 46. Kb4
Bf7 47. Kc5 Ba2 48. Kd6 Bb3 49. Bd5 Bxd5 50. Kxd5 Kh7 51. Ke6 Kg8 52. Bd6 Kh7
53. Kf7 1-0

[Event "20. Abierto de la Constitucion 2018"]
[Site "S. S. de los Reyes ESP"]
[Date "2018.12.03"]
[Round "3.13"]
[White "Savchuk, Olga"]
[Black "Bartolome Martin, Angel"]
[Result "0-1"]
[WhiteElo "1612"]
[BlackElo "1950"]
[PlyCount "104"]
[EventDate "2018.12.01"]
[EventType "swiss"]
[EventRounds "9"]
[EventCountry "ESP"]
[SourceTitle "Ajedrez en Madrid"]
[Source "lmi"]
[SourceDate "2018.12.01"]

1. e4 c5 2. Nf3 e6 3. c4 a6 4. d4 cxd4 5. Nxd4 Nf6 6. Nc3 Bb4 7. f3 O-O 8. Bg5
d6 9. Be2 Nbd7 10. O-O Qa5 11. Qd2 Bxc3 12. bxc3 Qc5 13. Kh1 Ne5 14. Bxf6 gxf6
15. Qf4 Ng6 16. Qxf6 Qe5 17. Qxe5 dxe5 18. Nc2 Nf4 19. Bd1 Rd8 20. g3 Nd3 21.
Ne3 Nc5 22. Bc2 Bd7 23. Ng4 Ba4 24. Bxa4 Nxa4 25. Nxe5 Nxc3 26. Rf2 f6 27. Ng4
Kg7 28. Rc1 Rd3 29. Rfc2 Na4 30. Kg2 Rad8 31. c5 Rd2+ 32. Nf2 Rxc2 33. Rxc2 Rc8
34. Nd3 Rc7 35. Rc4 Nb6 36. Rc1 Nd7 37. f4 Nb8 38. e5 f5 39. Kf3 Kf7 40. h3 Rd7
41. Rc3 Nc6 42. Ke3 Ne7 43. g4 Nd5+ 44. Kd4 Nxc3+ 45. Kxc3 Kg6 46. Kd2 Rd4 47.
Kc3 Ra4 48. Kb3 Re4 49. gxf5+ Kxf5 50. Kc3 Re3 51. Kc4 Rxh3 52. a4 h5 0-1

[Event "20. Abierto de la Constitucion 2018"]
[Site "S. S. de los Reyes ESP"]
[Date "2018.12.03"]
[Round "3.14"]
[White "Bello Burguet, Glenier Lazaro"]
[Black "Haering Hijon, Javier"]
[Result "1-0"]
[WhiteElo "1947"]
[BlackElo "1555"]
[PlyCount "77"]
[EventDate "2018.12.01"]
[EventType "swiss"]
[EventRounds "9"]
[EventCountry "ESP"]
[SourceTitle "Ajedrez en Madrid"]
[Source "lmi"]
[SourceDate "2018.12.01"]

1. c4 c5 2. Nf3 Nc6 3. e3 Nf6 4. d4 cxd4 5. Nxd4 g6 6. Nxc6 bxc6 7. b3 Bg7 8.
Bb2 O-O 9. Be2 d6 10. Nd2 c5 11. Bf3 Rb8 12. g4 Qa5 13. g5 Nd7 14. Bxg7 Kxg7
15. Qc2 Ne5 16. Be4 f5 17. gxf6+ Rxf6 18. f4 Ng4 19. Ke2 Nh6 20. h3 Nf5 21.
Rag1 Bb7 22. h4 h5 23. Rg5 Bxe4 24. Nxe4 Re6 25. Rhg1 Kf7 26. Rxf5+ gxf5 27.
Ng5+ Kf6 28. Qb2+ Re5 29. Nf3 Qc7 30. fxe5+ dxe5 31. Nxe5 e6 32. Nd7+ Ke7 33.
Rg7+ Kd8 34. Rg8+ Ke7 35. Qg7+ Kd6 36. Qe5+ Kxd7 37. Rg7+ Ke8 38. Qxc7 Rb7 39.
Qc8# 1-0

[Event "20. Abierto de la Constitucion 2018"]
[Site "S. S. de los Reyes ESP"]
[Date "2018.12.03"]
[Round "3.15"]
[White "Vaquerizo Calvo, Miguel Arturo"]
[Black "Criado Jimenez, Jose"]
[Result "1-0"]
[WhiteElo "1944"]
[BlackElo "1527"]
[PlyCount "79"]
[EventDate "2018.12.01"]
[EventType "swiss"]
[EventRounds "9"]
[EventCountry "ESP"]
[SourceTitle "Ajedrez en Madrid"]
[Source "lmi"]
[SourceDate "2018.12.01"]

1. e4 c5 2. Nf3 d6 3. d4 cxd4 4. Nxd4 Nf6 5. Nc3 a6 6. Bc4 e6 7. Bb3 Qc7 8. O-O
Nc6 9. Be3 Be7 10. f4 Na5 11. f5 Nxb3 12. axb3 e5 13. Nde2 Rb8 14. Bg5 Bd7 15.
Bxf6 Bxf6 16. Nd5 Qd8 17. Nec3 O-O 18. Qd3 Bc6 19. Rad1 Bg5 20. f6 gxf6 21. Rf3
Kh8 22. Rdf1 Rg8 23. Nxf6 Rg6 24. Nfd5 Be8 25. Ne2 b5 26. b4 Rb7 27. Ng3 Rh6
28. Nf5 Rg6 29. Ra1 Ra7 30. Qd1 Kg8 31. Rfa3 Qa8 32. Qh5 Kh8 33. Rh3 h6 34.
Nxd6 Rxd6 35. Qxg5 Qc6 36. Qxe5+ Kh7 37. Rc3 Rxd5 38. exd5 Qb6+ 39. Kh1 f6 40.
Qxe8 1-0

[Event "20. Abierto de la Constitucion 2018"]
[Site "S. S. de los Reyes ESP"]
[Date "2018.12.03"]
[Round "3.16"]
[White "Hidalgo Prado, David"]
[Black "Camarero Izquierdo, Juan Carlos"]
[Result "1-0"]
[WhiteElo "1588"]
[BlackElo "1922"]
[PlyCount "89"]
[EventDate "2018.12.01"]
[EventType "swiss"]
[EventRounds "9"]
[EventCountry "ESP"]
[SourceTitle "Ajedrez en Madrid"]
[Source "lmi"]
[SourceDate "2018.12.01"]

1. e4 c5 2. c3 e6 3. Nf3 d5 4. exd5 Qxd5 5. d4 Nc6 6. Bd3 cxd4 7. cxd4 Bd7 8.
Nc3 Qh5 9. O-O Nf6 10. Bf4 a6 11. Ne4 Nxe4 12. Bxe4 Qg4 13. Qd2 Be7 14. h3 Qh5
15. Ne5 Nxe5 16. Bxe5 f6 17. Bf3 Qg6 18. Bg3 Bc8 19. Rfe1 O-O 20. Qc3 f5 21.
Be5 Rd8 22. Rad1 Bd6 23. d5 Bxe5 24. Qxe5 Re8 25. d6 Qf7 26. Rc1 Rd8 27. Rc7
Qf6 28. Qxf6 gxf6 29. Rd1 Rd7 30. Bxb7 Rxc7 31. dxc7 Bxb7 32. Rd8+ Kf7 33. Rxa8
Bxa8 34. c8=Q Bd5 35. Qxa6 f4 36. a4 f3 37. gxf3 Bxf3 38. Qa7+ Kg6 39. Qe3 Bd5
40. Qg3+ Kf5 41. a5 Ke4 42. Qh4+ Kd3 43. Qxh7+ f5 44. a6 Kc2 45. b4 1-0

[Event "20. Abierto de la Constitucion 2018"]
[Site "S. S. de los Reyes ESP"]
[Date "2018.12.03"]
[Round "3.17"]
[White "Lopez de Turiso, Jose Angel"]
[Black "Rubio Gonzalez, Beltran"]
[Result "1/2-1/2"]
[WhiteElo "1913"]
[BlackElo "1510"]
[PlyCount "85"]
[EventDate "2018.12.01"]
[EventType "swiss"]
[EventRounds "9"]
[EventCountry "ESP"]
[SourceTitle "Ajedrez en Madrid"]
[Source "lmi"]
[SourceDate "2018.12.01"]

1. e4 e6 2. d4 d5 3. Nc3 Nf6 4. Bg5 Be7 5. e5 Nfd7 6. Bxe7 Qxe7 7. f4 a6 8. Nf3
c5 9. dxc5 Nc6 10. Na4 Nxc5 11. Nxc5 Qxc5 12. Qd2 b5 13. c3 Bd7 14. Nd4 Rc8 15.
Rd1 Nxd4 16. Qxd4 O-O 17. Be2 f6 18. exf6 Rxf6 19. O-O Qxd4+ 20. Rxd4 Re8 21.
Bd1 Rc8 22. Bb3 Rcf8 23. g4 Kh8 24. f5 g6 25. Rdf4 Kg7 26. R4f2 gxf5 27. gxf5
Rxf5 28. Rxf5 Rxf5 29. Rxf5 exf5 30. Bxd5 a5 31. Kf2 Kf6 32. Ke3 Ke5 33. c4 f4+
34. Kf3 h5 35. Bf7 Bg4+ 36. Kf2 bxc4 37. Bxc4 Kd4 38. Be2 Ke4 39. b3 Kd4 40. a3
Kc3 41. b4 axb4 42. axb4 Kxb4 43. h3 1/2-1/2

[Event "20. Abierto de la Constitucion 2018"]
[Site "S. S. de los Reyes ESP"]
[Date "2018.12.03"]
[Round "3.18"]
[White "Pindado Del Carmen, Eliseo"]
[Black "Marcos Herrero, Francisco"]
[Result "0-1"]
[WhiteElo "1525"]
[BlackElo "1889"]
[PlyCount "74"]
[EventDate "2018.12.01"]
[EventType "swiss"]
[EventRounds "9"]
[EventCountry "ESP"]
[SourceTitle "Ajedrez en Madrid"]
[Source "lmi"]
[SourceDate "2018.12.01"]

1. d4 Nf6 2. c4 c5 3. d5 b5 4. cxb5 a6 5. b6 d6 6. Nc3 Nbd7 7. e4 g6 8. Nf3 Bg7
9. Nd2 O-O 10. a4 a5 11. Bb5 Nxb6 12. h3 e6 13. Bc6 Ra7 14. O-O Re7 15. Re1
exd5 16. exd5 Bb7 17. Rxe7 Qxe7 18. Bxb7 Qxb7 19. Nb5 Qxd5 20. Qb3 Re8 21. Qxd5
Re1+ 22. Kh2 Nfxd5 23. Rb1 Nxa4 24. Nf3 Rd1 25. Ra1 Nab6 26. Nxd6 Nb4 27. Rxa5
Rxc1 28. Rb5 N4d5 29. b3 Bd4 30. Kg3 f5 31. Ne8 Rc2 32. Nxd4 cxd4 33. Nf6+ Nxf6
34. Rxb6 Ne4+ 35. Kh2 Nxf2 36. Rb8+ Kf7 37. Kg3 d3 0-1

[Event "20. Abierto de la Constitucion 2018"]
[Site "S. S. de los Reyes ESP"]
[Date "2018.12.03"]
[Round "3.19"]
[White "Anton Quevedo, Andrea"]
[Black "Rial Rodriguez, Marta"]
[Result "1-0"]
[WhiteElo "1876"]
[BlackElo "1503"]
[PlyCount "69"]
[EventDate "2018.12.01"]
[EventType "swiss"]
[EventRounds "9"]
[EventCountry "ESP"]
[SourceTitle "Ajedrez en Madrid"]
[Source "lmi"]
[SourceDate "2018.12.01"]

1. e4 c5 2. d4 cxd4 3. c3 d3 4. Bxd3 Nc6 5. Nf3 d6 6. h3 g6 7. O-O Bg7 8. Be3
Nf6 9. Qd2 h5 10. c4 b6 11. Nc3 Nh7 12. a3 Bxc3 13. Qxc3 f6 14. e5 Rg8 15. exd6
Qxd6 16. c5 Qc7 17. cxb6 axb6 18. Qb3 Kf8 19. Bh6+ Rg7 20. Bxg7+ Kxg7 21. Rac1
Bd7 22. Rfd1 Qa7 23. Be4 Rc8 24. Qd3 Rc7 25. Bxg6 Nf8 26. Bxh5 Be6 27. Bg4 Bf7
28. Nd4 Ne5 29. Qg3 Nfg6 30. Be6 Rxc1 31. Rxc1 Qa4 32. Nf5+ Kh7 33. Bxf7 Nxf7
34. Qg4 Qa6 35. Qh5+ 1-0

[Event "20. Abierto de la Constitucion 2018"]
[Site "S. S. de los Reyes ESP"]
[Date "2018.12.03"]
[Round "3.20"]
[White "Bravo De La Vega, Alvaro"]
[Black "Largo Barbero, Benito"]
[Result "0-1"]
[WhiteElo "1407"]
[BlackElo "1866"]
[PlyCount "118"]
[EventDate "2018.12.01"]
[EventType "swiss"]
[EventRounds "9"]
[EventCountry "ESP"]
[SourceTitle "Ajedrez en Madrid"]
[Source "lmi"]
[SourceDate "2018.12.01"]

1. e4 d6 2. d4 g6 3. Nf3 Bg7 4. Be2 Nf6 5. Nc3 a6 6. O-O O-O 7. Be3 b6 8. Qd2
Bb7 9. Bd3 Re8 10. Rfe1 e5 11. dxe5 dxe5 12. Bg5 Nbd7 13. Rad1 Qc8 14. Qe2 b5
15. Qd2 Nc5 16. b4 Nxd3 17. cxd3 c5 18. bxc5 Qxc5 19. Rc1 Qd6 20. Ne2 Rad8 21.
Red1 Rd7 22. Be3 Red8 23. Qb2 Nxe4 24. h3 Qe6 25. d4 f5 26. Ng5 Nxg5 27. Bxg5
Re8 28. Re1 Qd5 29. f3 exd4 30. Nf4 Rxe1+ 31. Rxe1 Qf7 32. Ne6 h6 33. Nxg7 hxg5
34. Ne6 Re7 35. Qxd4 Rxe6 36. Qd8+ Kg7 37. Rxe6 Qxe6 38. Qc7+ Qf7 39. Qe5+ Kh7
40. h4 gxh4 41. Qf4 Qe7 42. Qd2 Bc8 43. Qc3 Be6 44. Qe3 Qd6 45. Qa7+ Kh6 46.
Qe3+ Kg7 47. Qe1 Qd4+ 48. Kh1 Bxa2 49. Qa5 Bf7 50. Qxa6 b4 51. Qa4 Qc3 52. Qd1
b3 53. Kh2 b2 54. Kh3 g5 55. Kh2 Qe5+ 56. Kh1 Bd5 57. Qb1 h3 58. Qg1 hxg2+ 59.
Kxg2 Qe2+ 0-1

[Event "20. Abierto de la Constitucion 2018"]
[Site "S. S. de los Reyes ESP"]
[Date "2018.12.03"]
[Round "3.21"]
[White "Alvarez Gonzalez, Eduardo"]
[Black "Fernandez Diaz, Ricardo"]
[Result "1/2-1/2"]
[WhiteElo "1798"]
[BlackElo "1498"]
[PlyCount "147"]
[EventDate "2018.12.01"]
[EventType "swiss"]
[EventRounds "9"]
[EventCountry "ESP"]
[SourceTitle "Ajedrez en Madrid"]
[Source "lmi"]
[SourceDate "2018.12.01"]

1. d4 Nf6 2. Nf3 e6 3. c4 Bb4+ 4. Bd2 Nc6 5. e3 O-O 6. Bd3 d5 7. O-O Re8 8. Qb3
dxc4 9. Qxc4 Bd6 10. e4 e5 11. d5 Ne7 12. h3 Ng6 13. Re1 h6 14. Nc3 a6 15. Rac1
Nh5 16. Ne2 Nh4 17. Nxh4 Qxh4 18. Bb1 Qe7 19. Qd3 Bd7 20. Qf3 Nf6 21. Ng3 Rac8
22. Nf5 Bxf5 23. Qxf5 Bc5 24. Qf3 Qd6 25. a3 c6 26. Qc3 cxd5 27. Qg3 Nh5 28.
Qh4 Nf4 29. Bxf4 exf4 30. exd5 Bd4 31. Rxc8 Rxc8 32. Qg4 Rf8 33. b4 g6 34. Qf3
Rd8 35. Ba2 Be5 36. Qe4 Bb2 37. Qd3 Rc8 38. Qb3 Be5 39. a4 Rc3 40. Qb2 f6 41.
Qb1 Kg7 42. b5 a5 43. Rd1 b6 44. Rc1 Qc5 45. Rxc3 Qxc3 46. Qd1 Qc5 47. Bb3 Bd4
48. Qd2 Be5 49. Kf1 Bc3 50. Qe2 Be5 51. Qd2 Bd6 52. Ke2 Be5 53. Qc2 Qxc2+ 54.
Bxc2 g5 55. f3 Kf7 56. Kd3 Ke7 57. Kc4 h5 58. Bf5 h4 59. Bg4 Kf7 60. Kd3 Kg6
61. Ke4 Bd6 62. Be6 Bc5 63. Bc8 Bd6 64. Bg4 Kf7 65. Bc8 Ke7 66. Bg4 Be5 67. Kd3
Kd6 68. Kc4 Bb2 69. Be6 Ke7 70. Bf5 Kd6 71. Be6 Ke5 72. Bc8 Ba3 73. Bd7 Bd6 74.
Bc8 1/2-1/2

[Event "20. Abierto de la Constitucion 2018"]
[Site "S. S. de los Reyes ESP"]
[Date "2018.12.03"]
[Round "3.22"]
[White "Alonso Garuti, Luis E"]
[Black "Mochon Bernal, Jorge"]
[Result "1-0"]
[WhiteElo "1774"]
[BlackElo "1439"]
[PlyCount "57"]
[EventDate "2018.12.01"]
[EventType "swiss"]
[EventRounds "9"]
[EventCountry "ESP"]
[SourceTitle "Ajedrez en Madrid"]
[Source "lmi"]
[SourceDate "2018.12.01"]

1. e4 b6 2. d4 Bb7 3. Bd3 e6 4. c4 Nf6 5. Nc3 Bb4 6. Qc2 h6 7. Nge2 d6 8. O-O
c5 9. d5 Bxc3 10. Qxc3 e5 11. Ng3 h5 12. Bg5 h4 13. Nf5 g6 14. Nxh4 Nbd7 15. f4
Qc7 16. fxe5 dxe5 17. Rxf6 Nxf6 18. Bxf6 Rh7 19. Nf3 Qd6 20. Bxe5 Qd7 21. Bg3
O-O-O 22. e5 Rh5 23. e6 fxe6 24. Bxg6 Rh6 25. Qe5 Qd6 26. Qg7 Rxg6 27. Qxg6 Qf8
28. Qxe6+ Rd7 29. Ne5 1-0

[Event "20. Abierto de la Constitucion 2018"]
[Site "S. S. de los Reyes ESP"]
[Date "2018.12.03"]
[Round "3.23"]
[White "Munoz Gonzalez, Martin"]
[Black "Martin Rodriguez, Jose Luis"]
[Result "0-1"]
[WhiteElo "1414"]
[BlackElo "1270"]
[PlyCount "132"]
[EventDate "2018.12.01"]
[EventType "swiss"]
[EventRounds "9"]
[EventCountry "ESP"]
[SourceTitle "Ajedrez en Madrid"]
[Source "lmi"]
[SourceDate "2018.12.01"]

1. b3 Nf6 2. Bb2 g6 3. Nf3 Bg7 4. e3 O-O 5. c4 d6 6. Nc3 Nc6 7. Rb1 Bf5 8. h3
Bxb1 9. Qxb1 Re8 10. d3 e5 11. Qa1 Nb4 12. Qc1 Qd7 13. a3 Nc6 14. Be2 Ne7 15.
O-O Nc6 16. Qa1 a6 17. Nd2 Qe6 18. Bf3 Qd7 19. Nde4 Nxe4 20. Nxe4 f5 21. Ng3
Rab8 22. Bd5+ Kh8 23. Rd1 Re7 24. Bf3 Qe8 25. Be2 Kg8 26. Nf1 Qf8 27. Nd2 Nd8
28. Rf1 Qe8 29. a4 a5 30. Bc3 b6 31. b4 axb4 32. Bxb4 Nc6 33. Ba3 Nd8 34. Qb1
Qxa4 35. Bb2 Qd7 36. Rd1 Ra8 37. Bf3 Rb8 38. Qc1 Qe8 39. Ba3 Ne6 40. Bd5 Kh8
41. Qc2 Qd7 42. g3 c6 43. Bg2 Rc8 44. Qb3 Rb8 45. h4 h5 46. Bh3 Qc7 47. Nf3 e4
48. dxe4 fxe4 49. Bxd6 Qa7 50. Bxb8 Qxb8 51. c5 Nxc5 52. Qb4 exf3 53. Rc1 Nd3
54. Qxe7 Nxc1 55. Bd7 Ne2+ 56. Kh2 c5 57. Qe4 Qf8 58. Qxg6 Qf6 59. Qxh5+ Kg8
60. Qe8+ Kh7 61. Qe4+ Kh6 62. Bg4 Qe5 63. Qxf3 Nc3 64. Qb7 Qf6 65. Qd5 Nxd5 66.
Bf3 Qxf3 0-1

[Event "20. Abierto de la Constitucion 2018"]
[Site "S. S. de los Reyes ESP"]
[Date "2018.12.03"]
[Round "3.26"]
[White "Enriquez Pastor, Jorge"]
[Black "Lopez-Andujar Ocana, Antonio"]
[Result "0-1"]
[WhiteElo "1465"]
[BlackElo "2100"]
[PlyCount "52"]
[EventDate "2018.12.01"]
[EventType "swiss"]
[EventRounds "9"]
[EventCountry "ESP"]
[SourceTitle "Ajedrez en Madrid"]
[Source "lmi"]
[SourceDate "2018.12.01"]

1. e4 e5 2. Nf3 Nc6 3. Bb5 a6 4. Ba4 Nf6 5. O-O Nxe4 6. Re1 Nc5 7. Bxc6 dxc6 8.
Nxe5 Be7 9. d4 Ne6 10. c3 O-O 11. Be3 f6 12. Nf3 f5 13. Ne5 f4 14. Bc1 Bd6 15.
f3 Bxe5 16. Rxe5 Kh8 17. b3 c5 18. d5 Qf6 19. Rxe6 Bxe6 20. dxe6 Rfe8 21. Bb2
Qxe6 22. Nd2 Qe3+ 23. Kf1 Rad8 24. Bc1 Qxc3 25. Rb1 Qd3+ 26. Kf2 Qxb1 0-1

[Event "20. Abierto de la Constitucion 2018"]
[Site "S. S. de los Reyes ESP"]
[Date "2018.12.03"]
[Round "3.27"]
[White "Martinez-Paul Exposito, Ignacio Jesus"]
[Black "Rodriguez Bernal, Herman"]
[Result "1/2-1/2"]
[WhiteElo "1192"]
[BlackElo "1745"]
[PlyCount "77"]
[EventDate "2018.12.01"]
[EventType "swiss"]
[EventRounds "9"]
[EventCountry "ESP"]
[SourceTitle "Ajedrez en Madrid"]
[Source "lmi"]
[SourceDate "2018.12.01"]

1. d4 d5 2. c4 c6 3. Nc3 Nf6 4. e3 Bg4 5. Be2 Bxe2 6. Ngxe2 e6 7. O-O Bd6 8. c5
Bc7 9. Qc2 Nbd7 10. e4 dxe4 11. Bg5 h6 12. Bh4 g5 13. Bg3 Nd5 14. Bxc7 Qxc7 15.
Nxe4 N7f6 16. Nd6+ Kd8 17. Nc3 Nxc3 18. Qxc3 Nd5 19. Qf3 Rh7 20. a3 Ke7 21. Qg3
Nf4 22. Rae1 Rg8 23. Qe3 Nd5 24. Qe4 Nf6 25. Qe2 Ne8 26. Qc2 Rg6 27. Nc4 g4 28.
Ne5 Rgg7 29. Re4 Nf6 30. Rf4 h5 31. f3 Nd5 32. Re4 f5 33. Ree1 Rh6 34. f4 h4
35. Kf2 g3+ 36. hxg3 Rxg3 37. Rh1 Nxf4 38. Rxh4 Rxg2+ 39. Kf3 1/2-1/2

[Event "20. Abierto de la Constitucion 2018"]
[Site "S. S. de los Reyes ESP"]
[Date "2018.12.03"]
[Round "3.28"]
[White "Lopez Orellana, Federico"]
[Black "Lozano Hernanz, Rodrigo"]
[Result "1-0"]
[WhiteElo "1683"]
[BlackElo "1318"]
[PlyCount "53"]
[EventDate "2018.12.01"]
[EventType "swiss"]
[EventRounds "9"]
[EventCountry "ESP"]
[SourceTitle "Ajedrez en Madrid"]
[Source "lmi"]
[SourceDate "2018.12.01"]

1. d4 d5 2. Bf4 Nf6 3. e3 Bf5 4. c4 e6 5. Nc3 Nc6 6. c5 a6 7. Nf3 Nb4 8. Qa4+
Nc6 9. Ne5 Be7 10. Nxc6 bxc6 11. Qxc6+ Nd7 12. Bxa6 O-O 13. Bxc7 Qe8 14. Bb7
Ra7 15. Nb5 Rxb7 16. Qxb7 Nf6 17. Nd6 Qa8 18. Qxa8 Rxa8 19. Nxf5 exf5 20. Ke2
Bd8 21. Bxd8 Rxd8 22. b4 Rb8 23. a3 Ne4 24. Rhc1 Rc8 25. b5 Rb8 26. b6 h6 27.
a4 1-0

[Event "20. Abierto de la Constitucion 2018"]
[Site "S. S. de los Reyes ESP"]
[Date "2018.12.03"]
[Round "3.29"]
[White "Garcia Estebanez, Diego"]
[Black "Gonzalez Garcia, Luis"]
[Result "1/2-1/2"]
[WhiteElo "1168"]
[BlackElo "1505"]
[PlyCount "107"]
[EventDate "2018.12.01"]
[EventType "swiss"]
[EventRounds "9"]
[EventCountry "ESP"]
[SourceTitle "Ajedrez en Madrid"]
[Source "lmi"]
[SourceDate "2018.12.01"]

1. e4 d6 2. d4 Nf6 3. Nc3 Nbd7 4. Nf3 e5 5. d5 Be7 6. Bg5 Nc5 7. Bb5+ Bd7 8.
O-O Nfxe4 9. Bxe7 Qxe7 10. Bxd7+ Qxd7 11. Nxe4 Nxe4 12. Re1 Nf6 13. c4 O-O 14.
Qc2 Rac8 15. Ng5 h6 16. Nf3 c6 17. dxc6 Rxc6 18. Re2 Rfc8 19. b3 b5 20. Nd2 Qc7
21. h3 bxc4 22. bxc4 d5 23. Re3 dxc4 24. Rae1 Nd7 25. Nf3 f6 26. Nh4 Nf8 27.
Nf5 Ng6 28. Nxh6+ gxh6 29. Qxg6+ Qg7 30. Qxg7+ Kxg7 31. Rg3+ Kf7 32. Rc1 c3 33.
Kf1 c2 34. Ke2 Rd6 35. Rd3 Ke6 36. Rxd6+ Kxd6 37. Kd2 Kd5 38. Rxc2 Rxc2+ 39.
Kxc2 Kc4 40. Kd2 a5 41. Kc2 f5 42. Kd2 h5 43. Ke3 Kc3 44. f4 exf4+ 45. Kxf4 Kb2
46. a4 Kb3 47. Kxf5 Kxa4 48. g4 hxg4 49. hxg4 Kb4 50. g5 a4 51. g6 a3 52. g7 a2
53. g8=Q a1=Q 54. Qb8+ 1/2-1/2

[Event "20. Abierto de la Constitucion 2018"]
[Site "S. S. de los Reyes ESP"]
[Date "2018.12.03"]
[Round "3.31"]
[White "Luque Sanz, Victor"]
[Black "Medina Balenciaga, Patricio"]
[Result "0-1"]
[WhiteElo "1236"]
[BlackElo "1408"]
[PlyCount "68"]
[EventDate "2018.12.01"]
[EventType "swiss"]
[EventRounds "9"]
[EventCountry "ESP"]
[SourceTitle "Ajedrez en Madrid"]
[Source "lmi"]
[SourceDate "2018.12.01"]

1. e4 e5 2. f4 exf4 3. Nf3 Be7 4. Bc4 Bh4+ 5. Kf1 d6 6. h3 Bg3 7. d4 Nf6 8. Nc3
O-O 9. Bd2 Re8 10. Qe2 Nc6 11. h4 Bg4 12. Qd3 Nb4 13. Qe2 Nxc2 14. Rc1 Nxd4 15.
Qd3 Bxf3 16. gxf3 c5 17. b4 b6 18. Be1 Nh5 19. Nb5 Nxb5 20. Bxb5 Re7 21. a3 f5
22. Rg1 fxe4 23. fxe4 Bxe1 24. Rxe1 Ng3+ 25. Kg2 Re5 26. Qf3 Qxh4 27. Bc4+ Kh8
28. Kf2 Nxe4+ 29. Kf1 Nd2+ 30. Kg2 Nxf3 31. Rxe5 Nxe5 32. Bd5 Rf8 33. Rh1 Qg3+
34. Kf1 Qd3+ 0-1

[Event "20. Abierto de la Constitucion 2018"]
[Site "S. S. de los Reyes ESP"]
[Date "2018.12.03"]
[Round "3.32"]
[White "Lopez Sanz, David"]
[Black "Diaz Guzman, David"]
[Result "1/2-1/2"]
[WhiteElo "1395"]
[BlackElo "1126"]
[PlyCount "91"]
[EventDate "2018.12.01"]
[EventType "swiss"]
[EventRounds "9"]
[EventCountry "ESP"]
[SourceTitle "Ajedrez en Madrid"]
[Source "lmi"]
[SourceDate "2018.12.01"]

1. e4 e5 2. Nf3 Nc6 3. d4 exd4 4. Nxd4 Nf6 5. Nxc6 bxc6 6. e5 Ne4 7. Bd3 Nc5 8.
Bc4 d5 9. exd6 Qxd6 10. Qf3 Be6 11. Bf4 Qd7 12. Qe3 Rd8 13. Nc3 Be7 14. Be2 Bf5
15. Rd1 Qc8 16. Rd2 Rd7 17. O-O Rxd2 18. Qxd2 O-O 19. Re1 Rd8 20. Qc1 Bd6 21.
Bg5 Re8 22. a3 Ne4 23. Bd3 Nxc3 24. Rxe8+ Qxe8 25. bxc3 Qe5 26. Bxf5 Qxf5 27.
Be3 Qe5 28. g3 Qxc3 29. Bxa7 Qxa3 30. Qxa3 Bxa3 31. c4 f5 32. Be3 Kf7 33. Kf1
Ke6 34. Ke2 Kd6 35. Kd3 Bc5 36. Bd4 g5 37. f3 h5 38. f4 gxf4 39. gxf4 Bb6 40.
h3 Bxd4 41. Kxd4 c5+ 42. Kc3 Kc6 43. h4 Kb6 44. Kb2 Ka5 45. Kb3 c6 46. Ka3
1/2-1/2

[Event "20. Abierto de la Constitucion 2018"]
[Site "S. S. de los Reyes ESP"]
[Date "2018.12.04"]
[Round "4.1"]
[White "Hernandez Ramos, David"]
[Black "Lozano Suarez, Luis Miguel"]
[Result "1/2-1/2"]
[WhiteElo "2078"]
[BlackElo "2135"]
[PlyCount "154"]
[EventDate "2018.12.01"]
[EventType "swiss"]
[EventRounds "9"]
[EventCountry "ESP"]
[SourceTitle "Ajedrez en Madrid"]
[Source "lmi"]
[SourceDate "2018.12.01"]

1. d4 Nf6 2. c4 e6 3. Nc3 c5 4. d5 exd5 5. cxd5 d6 6. e4 g6 7. Bd3 Bg7 8. Nge2
O-O 9. O-O Ng4 10. h3 Ne5 11. Bc2 Na6 12. f4 Nc4 13. Bd3 Na5 14. Bxa6 bxa6 15.
Ng3 Bd4+ 16. Kh2 h5 17. Qd3 h4 18. Nge2 Bg7 19. g4 hxg3+ 20. Qxg3 f5 21. e5 Qe8
22. e6 Bf6 23. Rg1 Kg7 24. Qd3 Rb8 25. Rb1 Rb4 26. Rg2 Bb7 27. a3 Rd4 28. Nxd4
cxd4 29. Bd2 Nb3 30. Ne4 Bxd5 31. Nxf6 Rxf6 32. Re2 Rxe6 33. Rbe1 Re4 34. Bb4
Qc6 35. Rc2 Nc5 36. Rxe4 Nxd3 37. Rxc6 fxe4 38. Rxd6 Nxf4 39. Bc5 d3 40. Be3 g5
41. h4 Bf7 42. hxg5 Nd5 43. Bd4+ Kf8 44. Rxd5 Bxd5 45. Be3 Kg7 46. Kg3 Kg6 47.
Kf4 a5 48. Ke5 Bb3 49. Kxe4 Bc2 50. Bd2 a4 51. Ke5 a6 52. Ke4 Bb1 53. Kd4 Bc2
54. Kc3 Kf5 55. Kc4 Bb1 56. Kb4 Bc2 57. Ka5 Kg6 58. Kxa6 Kf5 59. Kb5 Ke6 60.
Kc5 Kf5 61. Kd4 Kg6 62. Ke4 Bb1 63. Kd4 Bc2 64. Kc3 Kf5 65. Be3 Kg6 66. Bd2 Kf5
67. b4 axb3 68. Kb2 Bd1 69. a4 Ke6 70. a5 Kd7 71. Be3 Kc6 72. g6 Bh5 73. g7 Bf7
74. Bd2 Kb5 75. Bc3 Ka6 76. Bd2 Bg8 77. Bc3 Bf7 1/2-1/2